000 00709nam a22002057a 4500
005 20140616160400.0
010 _aB-505414-417
020 _a9780143415053
_c250.00
035 _aB-505414-417
037 _adpl
_bK.K.Pub/Ven
082 _a791.430233092
100 _aKhopkar, Arun
245 _aGuru Dutt: a tragedy in three acts/
_cby Arun Khopkar
260 _aNew Delhi
_bPenguin Books
_c2012
270 _a11 Community Centre, Panchsheel Park
_bNew Delhi
_e110017
300 _a153p.:
_bill.
_c19cm(pbk)
500 _aincludes index
942 _2ddc
_cEN
_h791.430233092
_mKHO
999 _c85161
_d85161